[Event "LSS No Engine Cup 19 Preliminary 3"]
[Site "LSS email"]
[Date "2010.03.22"]
[Round "?"]
[White "Stadler, Pavel"]
[Black "Alekseev, Alexey"]
[Result "1-0"]
[WhiteElo "1292"]
[BlackElo "1865"]
[PlyCount "31"]
[EventDate "2010.03.23"]
[EventType "tourn (corr)"]
[EventRounds "6"]
[EventCountry "GER"]
[SourceTitle "Corr 2013"]
[Source "ChessBase"]
[SourceDate "2012.11.12"]
[SourceVersion "1"]
[SourceVersionDate "2012.11.12"]
[SourceQuality "1"]

1. e4 e5 2. Nf3 Nc6 3. d4 exd4 4. Nxd4 Nf6 5. Nc3 Bb4 6. Nxc6 bxc6 7. Bd3 d5 8. exd5 cxd5 9. 0-0 0-0 10. Bg5 c6 11. Qf3 Rb8 12. Bxf6 Qxf6 13. Qxf6 gxf6 14. Ne2 Bc5 15. b3 Bg4 16. h3 1-0

[Event "LSS RA-2010-0-00083"]
[Site "LSS email"]
[Date "2010.03.16"]
[Round "?"]
[White "Alekseev, Alexey"]
[Black "Rovchakov, Vladimir Petrovich"]
[Result "0-1"]
[WhiteElo "1998"]
[BlackElo "2105"]
[PlyCount "22"]
[EventDate "2010.02.04"]
[EventType "tourn (corr)"]
[EventRounds "6"]
[EventCountry "GER"]
[SourceTitle "Corr 2013"]
[Source "ChessBase"]
[SourceDate "2012.11.12"]
[SourceVersion "1"]
[SourceVersionDate "2012.11.12"]
[SourceQuality "1"]

1. e4 c5 2. Nf3 Nc6 3. Nc3 g6 4. Bb5 Bg7 5. 0-0 a6 6. Bxc6 bxc6 7. d3 e5 8. Re1 d6 9. h3 Nf6 10. Bg5 Rb8 11. b3 Qc7 0-1

[Event "LSS RA-2010-0-00083"]
[Site "LSS email"]
[Date "2010.03.14"]
[Round "?"]
[White "Sabo, Marko"]
[Black "Alekseev, Alexey"]
[Result "1-0"]
[WhiteElo "2127"]
[BlackElo "1998"]
[PlyCount "49"]
[EventDate "2010.02.04"]
[EventType "tourn (corr)"]
[EventRounds "6"]
[EventCountry "GER"]
[SourceTitle "Corr 2013"]
[Source "ChessBase"]
[SourceDate "2012.11.12"]
[SourceVersion "1"]
[SourceVersionDate "2012.11.12"]
[SourceQuality "1"]

1. e4 e5 2. Nf3 Nc6 3. Bb5 a6 4. Ba4 Nf6 5. 0-0 Be7 6. Nc3 b5 7. Bb3 d6 8. a4 b4 9. Nd5 Na5 10. Ba2 Nxd5 11. Bxd5 c6 12. Ba2 c5 13. Bd5 Rb8 14. d3 Bb7 15. Bxb7 Rxb7 16. Be3 0-0 17. Qe2 Nc6 18. Nd2 Na5 19. Rae1 b3 20. c3 Qd7 21. f4 f6 22. Qh5 Qxa4 23. Ra1 Qb5 24. c4 Qb6 25. f5 1-0

[Event "LSS CP-2008-P-00028"]
[Site "LSS email"]
[Date "2008.10.01"]
[Round "?"]
[White "Molina, Vicente Andres"]
[Black "Alekseev, Alexey"]
[Result "0-1"]
[WhiteElo "1316"]
[BlackElo "1900"]
[PlyCount "46"]
[EventDate "2008.10.01"]
[EventType "tourn (corr)"]
[EventRounds "6"]
[EventCountry "GER"]
[SourceTitle "Corr 2013"]
[Source "ChessBase"]
[SourceDate "2012.11.12"]
[SourceVersion "1"]
[SourceVersionDate "2012.11.12"]
[SourceQuality "1"]
[WhiteTeam "US of America"]
[BlackTeam "US of America"]
[WhiteTeamCountry "USA"]
[BlackTeamCountry "USA"]

1. c4 e5 2. e4 Nc6 3. Nf3 Nf6 4. d3 Bc5 5. Be3 d6 6. Nc3 Nd4 7. Nd5 Nxd5 8. cxd5 Nxf3+ 9. gxf3 Bxe3 10. fxe3 0-0 11. h4 c6 12. Qd2 cxd5 13. exd5 Qb6 14. 0-0-0 Qc5+ 15. Kb1 Qxd5 16. Qg2 Be6 17. b3 Rac8 18. h5 Rc3 19. e4 Rxb3+ 20. axb3 Qxb3+ 21. Ka1 Qxd1+ 22. Kb2 Rc8 23. Be2 Qc2+ 0-1

[Event "LSS SB-2008-0-00021"]
[Site "LSS email"]
[Date "2008.08.11"]
[Round "?"]
[White "Alekseev, Alexey"]
[Black "Blankenberg, Bruno"]
[Result "1-0"]
[WhiteElo "1900"]
[BlackElo "1898"]
[PlyCount "39"]
[EventDate "2008.07.23"]
[EventType "tourn (corr)"]
[EventRounds "6"]
[EventCountry "GER"]
[SourceTitle "Corr 2011"]
[Source "ChessBase"]
[SourceDate "2010.08.31"]
[SourceVersion "1"]
[SourceVersionDate "2010.08.31"]
[SourceQuality "1"]

1. e4 c5 2. Nf3 d6 3. d4 cxd4 4. Nxd4 Nf6 5. Nc3 a6 6. Bg5 e6 7. f4 Be7 8. Qf3 h6 9. Bh4 g5 10. fxg5 Nfd7 11. Nxe6 fxe6 12. Qh5+ Kf8 13. Bb5 Ne5 14. Bg3 Rh7 15. Bxe5 dxe5 16. Rd1 Nd7 17. Qg6 Rf7 18. Qxh6+ Kg8 19. g6 Rg7 20. Bc4 1-0

[Event "LSS SB-2008-0-00021"]
[Site "LSS email"]
[Date "2008.08.11"]
[Round "?"]
[White "Schild, Reinhard"]
[Black "Alekseev, Alexey"]
[Result "1/2-1/2"]
[WhiteElo "2020"]
[BlackElo "1865"]
[PlyCount "47"]
[EventDate "2008.07.23"]
[EventType "tourn (corr)"]
[EventRounds "6"]
[EventCountry "GER"]
[SourceTitle "Corr 2013"]
[Source "ChessBase"]
[SourceDate "2012.11.12"]
[SourceVersion "1"]
[SourceVersionDate "2012.11.12"]
[SourceQuality "1"]
[WhiteTeam "US of America"]
[BlackTeam "US of America"]
[WhiteTeamCountry "USA"]
[BlackTeamCountry "USA"]

1. e4 e5 2. Nf3 Nc6 3. Bb5 a6 4. Bxc6 dxc6 5. 0-0 Bg4 6. h3 h5 7. d3 Qf6 8. Nbd2 Ne7 9. Re1 Ng6 10. d4 Bd6 11. hxg4 hxg4 12. Nh2 Rxh2 13. Qxg4 Qh4 14. Qxh4 Rxh4 15. Nf3 Rh8 16. Be3 f6 17. Rad1 0-0-0 18. g3 Rhe8 19. Kg2 exd4 20. Bxd4 Bb4 21. c3 Bf8 22. Nd2 c5 23. Be3 Ne5 24. Rh1 1/2-1/2

[Event "LSS RB-2008-0-00017"]
[Site "LSS email"]
[Date "2008.07.14"]
[Round "?"]
[White "Do Amaral, Rogerio Einloft"]
[Black "Alekseev, Alexey"]
[Result "0-1"]
[WhiteElo "1942"]
[BlackElo "1900"]
[PlyCount "56"]
[EventDate "2008.07.07"]
[EventType "tourn (corr)"]
[EventRounds "6"]
[EventCountry "GER"]
[SourceTitle "Corr 2011"]
[Source "ChessBase"]
[SourceDate "2010.08.31"]
[SourceVersion "1"]
[SourceVersionDate "2010.08.31"]
[SourceQuality "1"]

1. e4 e5 2. Nf3 Nc6 3. Bb5 a6 4. Ba4 Nf6 5. 0-0 b5 6. Bb3 Be7 7. Re1 0-0 8. c3 d5 9. exd5 Nxd5 10. Nxe5 Nxe5 11. Rxe5 c6 12. d4 Bd6 13. Re1 Qh4 14. g3 Qh3 15. Bxd5 cxd5 16. Qf3 Bf5 17. Qxd5 Rae8 18. Bd2 Bf4 19. Rxe8 Rxe8 20. Qg2 Qh5 21. f3 Bd3 22. gxf4 Re6 23. f5 Qxf5 24. h4 h6 25. Na3 Rg6 26. Bg5 hxg5 27. h5 Re6 28. Qg3 Re3 0-1

[Event "LSS RB-2008-0-00017"]
[Site "LSS email"]
[Date "2008.07.12"]
[Round "?"]
[White "Alekseev, Alexey"]
[Black "Lo, Angus"]
[Result "1-0"]
[WhiteElo "1865"]
[BlackElo "1915"]
[PlyCount "79"]
[EventDate "2008.07.07"]
[EventType "tourn (corr)"]
[EventRounds "6"]
[EventCountry "GER"]
[SourceTitle "Corr 2013"]
[Source "ChessBase"]
[SourceDate "2012.11.12"]
[SourceVersion "1"]
[SourceVersionDate "2012.11.12"]
[SourceQuality "1"]

1. e4 c5 2. Nf3 d6 3. d4 cxd4 4. Nxd4 Nf6 5. Nc3 a6 6. Be3 e5 7. Nb3 Be6 8. Qd2 Nbd7 9. f3 Be7 10. g4 0-0 11. 0-0-0 Qc7 12. Kb1 b5 13. g5 Nh5 14. f4 exf4 15. Bxf4 Nxf4 16. Qxf4 Nb6 17. h4 Rac8 18. Bd3 Qb7 19. Ne2 Qd7 20. Ned4 Bg4 21. Rdg1 Bh5 22. Nf5 g6 23. Ng3 Bg4 24. h5 Nc4 25. hxg6 fxg6 26. Nf5 gxf5 27. exf5 Ne5 28. g6 hxg6 29. Rxg4 Nxg4 30. Qxg4 g5 31. Be4 Bf6 32. Bd5+ Rf7 33. Nd4 Rc5 34. Bxf7+ Qxf7 35. Ne6 Re5 36. Nxg5 Qg7 37. Nh7 Bd8 38. Qh3 b4 39. f6 Bxf6 40. Nxf6+ 1-0

[Event "LSS RB-2008-0-00017"]
[Site "LSS email"]
[Date "2008.07.11"]
[Round "?"]
[White "Pott, Brian"]
[Black "Alekseev, Alexey"]
[Result "1/2-1/2"]
[WhiteElo "1733"]
[BlackElo "1865"]
[PlyCount "86"]
[EventDate "2008.07.07"]
[EventType "tourn (corr)"]
[EventRounds "6"]
[EventCountry "GER"]
[SourceTitle "Corr 2013"]
[Source "ChessBase"]
[SourceDate "2012.11.12"]
[SourceVersion "1"]
[SourceVersionDate "2012.11.12"]
[SourceQuality "1"]

1. e4 e5 2. Nf3 Nc6 3. Bb5 a6 4. Ba4 Nf6 5. 0-0 b5 6. Bb3 Be7 7. Re1 0-0 8. h3 d6 9. c3 Nb8 10. d4 Nbd7 11. Nbd2 Bb7 12. Bc2 Re8 13. Nf1 Bf8 14. Ng3 g6 15. a4 c5 16. d5 c4 17. Bg5 h6 18. Be3 Nc5 19. Qd2 h5 20. Bg5 Be7 21. Ra3 Rb8 22. Rea1 Bc8 23. axb5 axb5 24. Ra7 Bb7 25. Be3 Qb6 26. Qd1 Nfd7 27. Nd2 Ra8 28. Rxa8 Rxa8 29. Rxa8+ Bxa8 30. b4 cxb3 31. Nxb3 Bb7 32. Qb1 Qa6 33. Nxc5 Nxc5 34. Nf1 Bd8 35. Qb2 Bb6 36. Bg5 Kg7 37. Qc1 Qa5 38. Bd2 Bc8 39. Qb1 Bd7 40. c4 Qa6 41. Qc1 f6 42. Bh6+ Kf7 43. cxb5 Bxb5 1/2-1/2

[Event "LSS RB-2008-0-00017"]
[Site "LSS email"]
[Date "2008.07.11"]
[Round "?"]
[White "Schubert, Steffen"]
[Black "Alekseev, Alexey"]
[Result "0-1"]
[WhiteElo "1962"]
[BlackElo "1865"]
[PlyCount "80"]
[EventDate "2008.07.07"]
[EventType "tourn (corr)"]
[EventRounds "6"]
[EventCountry "GER"]
[SourceTitle "Corr 2013"]
[Source "ChessBase"]
[SourceDate "2012.11.12"]
[SourceVersion "1"]
[SourceVersionDate "2012.11.12"]
[SourceQuality "1"]

1. e4 e5 2. Nf3 Nc6 3. Bb5 a6 4. Bxc6 dxc6 5. 0-0 Bg4 6. h3 h5 7. d3 Qf6 8. Nbd2 Ne7 9. b4 Ng6 10. a3 Nf4 11. Bb2 Bd6 12. Kh1 0-0-0 13. Rb1 g5 14. d4 exd4 15. Bxd4 Qxd4 16. Nxd4 Bxd1 17. Rfxd1 Bxb4 18. Rxb4 c5 19. Rc4 Rxd4 20. Rxd4 cxd4 21. g3 Ne6 22. Kg2 b5 23. Nf3 c5 24. h4 g4 25. Ne5 Kc7 26. Nxf7 Rf8 27. Ng5 Nxg5 28. hxg5 Rg8 29. f4 gxf3+ 30. Kxf3 Rxg5 31. Rd2 a5 32. Kf4 Rg4+ 33. Kf3 Rg7 34. e5 a4 35. Kf4 Rg4+ 36. Kf3 b4 37. axb4 cxb4 38. e6 a3 39. e7 Kd7 40. Rd1 Kxe7 0-1